00805 a2200205 4500001000700000020002200007040001100029100002100040240007300061245006800134300000800202362000900210440001500219697004300234942000700277952010400284952009600388952009600484999001900580191496 a978-85-16-04341-X cMagnum aMc Donald, Megan10aJudy moody judy de bom humor judy de mau humor sempre judy modylpor10aJudy moody judy de bom humor judy de mau humor sempre judy mody a1830 a2004 1aSalamandra aLITERATURA INFANTO-JUVENIL ESTRANGEIRA cBK 00104070a32.5b32.5d2024-06-08l0o8.890.4.11pMAG00068955r2024-06-08 21:18:05w2024-06-08yBK 00102ddc4070a57.2b57.2d2024-07-03l0pif533r2024-07-03 15:36:16w2024-07-03yBKzJu 00102ddc4070a57.2b57.2d2024-07-03l0pif534r2024-07-03 15:38:25w2024-07-03yBKzJu c191496d191496